00715nam a2200181 i 4500001000700000003000900007005001700016008004100033100002000074245010800094260004300202300005600245490003300301650003400334650002700368830003300395852010500428189158ES-MaACL20250815110945.0190410s1947 fr ab |||| | fre d1 aObré, Albert.10aSciences naturelles b: géologie : programmes officiels : classe de quatrième... / cpar A. Obré. aParis : bLibrairie Hachette, c[1947] a377 p., 1 mapa col. pleg. : bil., mapas ; c19 cm.1 aCours V. Boulet et A. Obré 4aGeología-vLibros de texto. 7aGeología-zFrancia20 aCours V. Boulet et A. Obré aES-MaACLjL-32314 z- Enc. cart. z. - Donat. herederos de la bibl. de Mª del Pilar Costa Palacín